书目信息 |
| 题名: |
中国商业地理学
|
|
| 作者: | 王希来 , 崔家立 著 | |
| 分册: | ||
| 出版信息: | 北京 红旗出版社 1985 |
|
| 页数: | 360页 | |
| 开本: | 19cm | |
| 丛书名: | ||
| 单 册: | ||
| 中图分类: | F129.9 | |
| 科图分类: | ||
| 主题词: | 经济--中国 | |
| 电子资源: | ||
| ISBN: | ||
| 000 | 00663nam0 2200253 45 | |
| 001 | 0185018235 | |
| 005 | 20040425081135.8 | |
| 010 | @dCNY2.00 | |
| 091 | @a4160.023 | |
| 100 | @a19951016d1985 em y0chiy0121 ea | |
| 101 | 0 | @achi |
| 102 | @aCN@b110000 | |
| 105 | @ay z 000yy | |
| 106 | @ar | |
| 200 | 10 | @a中国商业地理学@Azhong guo shang ye di li xue@f王希来,崔家立著 |
| 210 | @a北京@c红旗出版社@d1985 | |
| 215 | @a360页@d19cm | |
| 606 | 0 | @a经济@x中国 |
| 690 | @aF129.9 | |
| 701 | 0 | @a王希来@4著@Awang xi lai |
| 701 | 0 | @a崔家立@4著@Acui jia li |
| 801 | 0 | @aCN@b深圳图书馆@c20040425 |
| 801 | 2 | @aCN@bNLC@c20040425 |
| 905 | @f1@b143416@dF129.9@e24 | |
| 中国商业地理学/王希来,崔家立著.-北京:红旗出版社,1985 |
| 360页;19cm |
| ISBN :CNY2.00 |
| ● |
| 相关链接 |
|
|
|
|
正题名:中国商业地理学
索取号:F129.9/24
 
预约/预借
| 序号 | 登录号 | 条形码 | 馆藏地/架位号 | 状态 | 备注 |
| 1 | 0143416 | 000201766 | 第一借阅区/ [索取号:F129.9/24] | 在馆 | |
| 2 | 0143417 | 002057543 | 第一样本阅览室/ [索取号:F129.9/24] | 在馆 |